Star Maze! II Quiz Stats

 Plays Quiz Updated Jun 11, 2017

Support Sporcle.
Go Orange.
Score 0/32 Timer 11:00
1 Play Today
% Correct
79.9%
69.6%
68.5%
67.9%
64.7%
63.3%
63.1%
63%
62%
60.8%
59.9%
58.8%
58.3%
57.6%
57.2%
57.1%
% Correct
57%
56.1%
55.9%
55.8%
54.4%
54.4%
53.8%
53.7%
53.5%
53.3%
53.1%
52.7%
51.9%
51.4%
49.6%
44.7%

You're not logged in!

Compare scores with friends on all Sporcle quizzes.
OR
Log In
Forgot?

From the Vault

Trivia Triangles: Songs

by bhenderson79

Trivia is always better when pyramids are involved.
Remove Ads.
Support Sporcle.
Get the best of Sporcle when you Go Orange. This ad-free experience offers more features, more stats, and more fun while also helping to support Sporcle. Thank you for becoming a member.

Show Comments

Extras

Top Quizzes Today


Score Distribution

Your Account Isn't Verified!

In order to create a playlist on Sporcle, you need to verify the email address you used during registration. Go to your Sporcle Settings to finish the process.

Report this User

Report this user for behavior that violates our Community Guidelines.

Details: